| 000 | 00620nam a2200193Ia 4500 | ||
|---|---|---|---|
| 003 | GCL | ||
| 008 | 140319s9999 xx 000 0 eng d | ||
| 040 |
_aGCL / _cGCL |
||
| 082 | 0 | 4 |
_a892.7 _bV R |
| 100 | 1 | _aACCADEMIA NATIONALE DEI LINCEI | |
| 245 | 1 | 0 |
_aRENDICONTI: CLASSE DI SCIENZE MORALI, STIRUCHE E FILOGICHE0 (VOL.23 - 24 - 26 - 28 - 30 - 32 - 33 - 38) / _cACCADEMIA NATIONALE DEI LINCEI |
| 260 |
_a[S.N] : _bACCADEMIA NAZIONALE DEI LINCEI ، _c1968 |
||
| 650 | 0 | 4 | _aحوادث المرور |
| 650 | 0 | 4 | _aPHILOSOPHY |
| 650 | 0 | 4 | _aLINGUISTICS |
| 650 | 0 | 4 | _aARCHITECTURE |
| 650 | 0 | 4 | _aMOSQUES |
| 942 |
_2ddc _cBK |
||
| 999 |
_c12434 _d12434 |
||